000 00498cam a2200181 4500
001 D6148
008 090401t1971 xxu||||| |||| 00| 0 eng d
035 _a(Sirsi) u87138
041 _aeng
050 _a621.3008
100 _aJohnston, Kenball F.A
245 _aElectrical and mechanical engineering contracts; an examination of the standard clauses in common use
260 _aLondon
_bGower Press
_c1971
300 _axv. 223p. 25cm
350 _a11.25
942 _n0
948 _c04/03/1997
999 _c97200
_d97200